[Event "Venice Province-ch 70th"]
[Site "Venice Mestre"]
[Date "2010.01.30"]
[Round "2"]
[White "Boscolo, Marco"]
[Black "Zanetto, Marco"]
[Result "1-0"]
[WhiteElo "2129"]
[BlackElo "1835"]
[PlyCount "87"]
[EventDate "2010.01.29"]
[EventType "swiss"]
[EventRounds "5"]
[EventCountry "ITA"]
[SourceTitle "EXT 2022"]
[Source "ChessBase"]
[SourceDate "2021.10.06"]
[SourceVersion "1"]
[SourceVersionDate "2021.10.06"]
[SourceQuality "1"]

1. e4 e5 2. Nf3 Nc6 3. Bb5 a6 4. Ba4 Nf6 5. 0-0 Nxe4 6. d4 b5 7. Bb3 d5 8. dxe5 Be6 9. Nbd2 Nc5 10. c3 d4 11. cxd4 Nxd4 12. Nxd4 Qxd4 13. Qf3 Rd8 14. Bxe6 Nxe6 15. Qc6+ Rd7 16. Qxa6 Qxe5 17. Nf3 Qd5 18. Be3 Be7 19. a4 bxa4 20. Qxa4 Bd6 21. Rad1 Qf5 22. Rfe1 Ke7 23. Nd4 Qh5 24. g3 Rc8 25. Nxe6 fxe6 26. Bf4 Rcd8 27. Qe4 Qg6 28. Qxg6 hxg6 29. Bg5+ Kf7 30. Bxd8 Rxd8 31. Re2 Re8 32. Kg2 Kf6 33. Rd3 g5 34. Re4 Rb8 35. b3 Re8 36. Rf3+ Kg6 37. b4 Re7 38. b5 Re8 39. Rc4 Be5 40. Rb3 Kf6 41. Rc6 Re7 42. Ra3 Rd7 43. Raa6 Rd6 44. Rxd6 1-0

[Event "Ravenna op"]
[Site "Ravenna"]
[Date "2005.10.15"]
[Round "3"]
[White "Zanetto, Marco"]
[Black "Castellano, Alfonso"]
[Result "0-1"]
[WhiteElo "1727"]
[BlackElo "1931"]
[PlyCount "76"]
[EventDate "2005.10.14"]
[EventType "swiss"]
[EventRounds "5"]
[EventCountry "ITA"]
[SourceTitle "EXT 2007"]
[Source "ChessBase"]
[SourceDate "2006.11.23"]
[SourceVersion "1"]
[SourceVersionDate "2006.11.23"]
[SourceQuality "1"]

1. e4 c5 2. c3 Nf6 3. e5 Nd5 4. d4 cxd4 5. Nf3 Nc6 6. cxd4 d6 7. Bc4 Nb6 8. Bb5 d5 9. h3 e6 10. 0-0 Be7 11. b3 0-0 12. Ba3 Bd7 13. Bxe7 Nxe7 14. Bd3 Ng6 15. Nc3 Bc6 16. Rc1 a6 17. a4 Qe7 18. Ne2 Rac8 19. Bb1 Nh4 20. Qd3 g6 21. Nh2 Qg5 22. Qg3 Qxg3 23. fxg3 Nf5 24. g4 Ne7 25. g5 Nd7 26. Ng4 b5 27. Nf6+ Nxf6 28. gxf6 Nf5 29. g4 Nh4 30. a5 Bd7 31. b4 Rc4 32. Rxc4 bxc4 33. Bc2 Rb8 34. Rb1 Bb5 35. Nc3 Nf3+ 36. Kf2 Nxd4 37. Ba4 Bxa4 38. Nxa4 Nc6 0-1

[Event "Treviso WE op 28th"]
[Site "Treviso"]
[Date "2004.12.08"]
[Round "4.15"]
[White "Pesco, Giuseppe"]
[Black "Zanetto, Marco"]
[Result "1-0"]
[WhiteElo "2084"]
[BlackElo "1700"]
[PlyCount "143"]
[EventDate "2004.12.04"]
[EventType "swiss"]
[EventCountry "ITA"]
[SourceTitle "EXT 2024"]
[Source "ChessBase"]
[SourceDate "2023.10.10"]
[SourceVersion "1"]
[SourceVersionDate "2023.10.10"]
[SourceQuality "1"]

1. Nf3 Nf6 2. c4 e6 3. g3 d5 4. cxd5 exd5 5. Bg2 c6 6. 0-0 Be7 7. d3 0-0 8. Nc3 Re8 9. Re1 Bf8 10. Qa4 Nbd7 11. Bf4 Nc5 12. Qc2 Bd6 13. Bg5 h6 14. Bxf6 Qxf6 15. b4 Nd7 16. Rab1 a6 17. a3 Ne5 18. a4 Bd7 19. b5 axb5 20. axb5 Ra7 21. bxc6 Bxc6 22. Nb5 Ra5 23. Nxd6 Qxd6 24. Nd4 Rea8 25. Rb2 Ba4 26. Qb1 Nc6 27. Nf3 Nd8 28. Rb6 Bc6 29. Qb2 Ra2 30. Qc3 f6 31. h3 R8a3 32. Qd4 Ra4 33. Qe3 Qe6 34. Nd4 Qxe3 35. fxe3 Kf8 36. Kf2 Ra5 37. Rc1 Ke7 38. g4 g6 39. e4 dxe4 40. Nxc6+ bxc6 41. Bxe4 Re5 42. Re1 f5 43. gxf5 gxf5 44. Bxc6 Re6 45. Bd5 Rxb6 46. Bxa2 Rb2 47. Bd5 Kd6 48. Bf3 Ne6 49. Ra1 Nf4 50. Ra6+ Ke5 51. Rxh6 Nxd3+ 52. Ke3 Nc1 53. Rh8 f4+ 54. Kf2 Nd3+ 55. Kf1 Rb1+ 56. Kg2 Ne1+ 57. Kf2 Nxf3 58. Kxf3 Rb3+ 59. Kf2 Kf6 60. h4 Rh3 61. Rh5 Kg6 62. Rg5+ Kf6 63. Rh5 Kg6 64. Rh8 Kg7 65. Rh5 Kg6 66. Rd5 Rxh4 67. Kf3 Rh2 68. Re5 Rh4 69. Ke4 Kf6 70. Rf5+ Ke6 71. Rxf4 Rxf4+ 72. Kxf4 1-0

[Event "Treviso WE op 28th"]
[Site "Treviso"]
[Date "2004.12.05"]
[Round "2.18"]
[White "Bettio, Umberto"]
[Black "Zanetto, Marco"]
[Result "1/2-1/2"]
[WhiteElo "1885"]
[BlackElo "1700"]
[PlyCount "73"]
[EventDate "2004.12.04"]
[EventType "swiss"]
[EventCountry "ITA"]
[SourceTitle "EXT 2024"]
[Source "ChessBase"]
[SourceDate "2023.10.10"]
[SourceVersion "1"]
[SourceVersionDate "2023.10.10"]
[SourceQuality "1"]

1. e4 e6 2. d4 d5 3. Nd2 dxe4 4. Nxe4 Nd7 5. Nf3 Ngf6 6. Nxf6+ Nxf6 7. Bd3 c5 8. 0-0 Bd7 9. dxc5 Bxc5 10. Ne5 0-0 11. Bg5 Bc6 12. Nxc6 bxc6 13. Qf3 Qd5 14. Qg3 Ne4 15. Bxe4 Qxe4 16. Bh6 Qg6 17. Qxg6 hxg6 18. Bf4 Rfd8 19. Rad1 Rd5 20. c4 Rd4 21. Rxd4 Bxd4 22. b4 e5 23. Bg3 f6 24. Rb1 g5 25. Kf1 Kf7 26. f3 Ke6 27. a4 a6 28. Bf2 Bxf2 29. Kxf2 Rd8 30. b5 axb5 31. axb5 cxb5 32. cxb5 Rb8 33. Ke3 Rb6 34. g3 g6 35. f4 gxf4+ 36. gxf4 exf4+ 37. Kxf4 1/2-1/2